| 000 | 00520 a2200193 4500 | ||
|---|---|---|---|
| 003 | OSt | ||
| 005 | 20180116182926.0 | ||
| 008 | 160526b xxu||||| |||| 00| 0 eng d | ||
| 020 | _a0 | ||
| 040 | _c0 | ||
| 082 | _a332 MIS 1999 | ||
| 100 | _aMishkin,Frederic S. | ||
| 245 |
_aThe Economics of Money,Banking,and Financial Markets. _cFrederic S.Mishkin. |
||
| 250 | _a6th. | ||
| 260 |
_aIslamabad. _bNational Book Foundation. _c1999 |
||
| 300 |
_a737p. _bHB |
||
| 500 | _aHard cover. | ||
| 942 |
_aNBS _cBK _k332 MIS _2ddc |
||
| 999 |
_c348651 _d348651 |
||